| 000 | 01558nam a2200253Ia 4500 | ||
|---|---|---|---|
| 001 | 16245 | ||
| 003 | GE_BSU | ||
| 008 | 181216s||||||||xx |||||||||||||| ||und|| | ||
| 020 | _aISBN 978-9941-11-245-4 | ||
| 040 | _cGE_BSU | ||
| 080 | _a811.353..1'36(075.3) | ||
| 100 | _aშარაშენიძე,ნინო | ||
| 245 | _aქართული ენის გრამატიკა:მორფოლოგია | ||
| 245 | _bსასკოლო კურსი : გრამატიკის საკითხები, სქემები, თვალსაჩინოებები, მართლწერის საკითხები, სავარჯიშოები ანალიზისათვის, გრამატიკის გასამეორებელი ტესტები, პრაქტიკული გრამატიკის ტესტები | ||
| 245 | _cრედ. სოლომონ ნოზაძე,ლალი ბაქრაძე,ლალი ქადაგიძე. | ||
| 260 | _aთბილისი. | ||
| 260 | _bდიოგენე, | ||
| 260 | _c2011 | ||
| 300 | _a160გვ; 27სმ. | ||
| 300 | _bბიბლიოგრ.: გვ. 160 | ||
| 541 | _h5ლ.50თ | ||
| 653 | _aქართული ენის გრამატიკა - სახელმძღვანელოები საშუალო სკოლებისათვის; ქართული ენის მორფოლოგია; | ||
| 942 | _cBK | ||
| 999 |
_c49328 _d49328 |
||